[Event "Opera Euro Rapid Prelims 2021"]
[Site "Online"]
[Date "2021.02.03"]
[Round "9.1"]
[White "Shankland, Sam"]
[Black "Dubov, Daniil"]
[Result "0-1"]
[WhiteElo "2691"]
[BlackElo "2710"]
[Annotator "RC"]
[PlyCount "142"]
[EventDate "2021.02.02"]
[EventType "tourn"]
[EventCountry "NET"]
[Tiebreak "Koya+Number of black wins+Number of wins"]
[SourceTitle "playchess.com"]
[Source "ChessBase"]
[SourceQuality "1"]
[TimeControl "900+10"]

1. d4 {[%emt 0:00:00]} d5 {[%emt 0:00:00]} 2. c4 {[%emt 0:00:00]} e5 {[%emt 0:
00:00]} 3. dxe5 {[%emt 0:00:00]} Ne7 {[%emt 0:00:00]} 4. Nf3 {[%emt 0:00:13]}
Nbc6 {[%emt 0:00:00]} 5. Nbd2 {[%emt 0:01:01]} dxc4 {[%emt 0:00:28]} 6. e3 {
[%emt 0:00:21]} Ng6 {[%emt 0:00:12]} 7. Qa4 {[%emt 0:01:28]} Bd7 {[%emt 0:00:
39]} 8. e6 {[%emt 0:00:28]} Bxe6 {[%emt 0:00:12]} 9. Bxc4 {[%emt 0:00:07]} Bxc4
{[%emt 0:00:29]} 10. Qxc4 {[%emt 0:00:45]} Be7 {[%emt 0:00:33]} 11. O-O {
[%emt 0:00:12]} O-O {[%emt 0:00:02]} 12. Qb5 {[%emt 0:01:08]} Rb8 {[%emt 0:01:
16]} 13. Ne4 {[%emt 0:00:38]} Qd7 {[%emt 0:00:46]} 14. Bd2 {[%emt 0:00:19]}
Nce5 {[%emt 0:00:35]} 15. Qxd7 {[%emt 0:00:07]} Nxd7 {[%emt 0:00:01]} 16. Rac1
{[%emt 0:00:22]} c5 {[%emt 0:00:27]} 17. Rfd1 {[%emt 0:00:22]} Rfd8 {[%emt 0:
00:13]} 18. Bc3 {[%emt 0:00:41]} Ngf8 {[%emt 0:01:04]} 19. Kf1 {[%emt 0:00:45]}
Ne6 {[%emt 0:00:07]} 20. b3 {[%emt 0:00:27]} f6 {[%emt 0:00:37]} 21. Ke2 {
[%emt 0:00:18]} Kf7 {[%emt 0:00:10]} 22. g4 {[%emt 0:00:19]} Nb6 {[%emt 0:00:
25]} 23. Ba5 {[%emt 0:00:16]} Rxd1 {[%emt 0:00:37]} 24. Rxd1 {[%emt 0:00:02]}
Na8 {[%emt 0:00:34]} 25. h4 {[%emt 0:00:23]} b6 {[%emt 0:00:09]} 26. Bc3 {
[%emt 0:00:02]} Rd8 {[%emt 0:00:13]} 27. Rxd8 {[%emt 0:00:37]} Nxd8 {[%emt 0:
00:03]} 28. g5 {[%emt 0:00:16]} Ne6 {[%emt 0:00:32]} 29. gxf6 {[%emt 0:00:42]}
gxf6 {[%emt 0:00:02]} 30. Ng3 {[%emt 0:00:09]} Nac7 {[%emt 0:00:16]} 31. Nf5 {
[%emt 0:00:20]} Nd5 {[%emt 0:00:21]} 32. Bd2 {[%emt 0:00:03]} Bf8 {[%emt 0:00:
18]} 33. a4 {[%emt 0:00:38]} a6 {[%emt 0:00:47]} 34. Kd3 {[%emt 0:00:34]} b5 {
[%emt 0:00:55]} 35. axb5 {[%emt 0:00:04]} axb5 {[%emt 0:00:01]} 36. Ba5 {
[%emt 0:00:16]} Ng7 {[%emt 0:00:58]} 37. Nxg7 {[%emt 0:00:24]} Bxg7 {[%emt 0:
00:03]} 38. h5 {[%emt 0:00:37]} Ke6 {[%emt 0:00:13]} 39. Bd2 {[%emt 0:01:22]}
Bh6 {[%emt 0:00:45]} 40. Nh4 {[%emt 0:00:58]} Bg5 {[%emt 0:00:22]} 41. Ng2 {
[%emt 0:00:08]} f5 {[%emt 0:00:08]} 42. f4 {[%emt 0:00:34]} Be7 {[%emt 0:00:03]
} 43. e4 {[%emt 0:00:32]} fxe4+ {[%emt 0:00:13]} 44. Kxe4 {[%emt 0:00:01]} Nf6+
{[%emt 0:00:01]} 45. Kf3 {[%emt 0:00:00]} Nxh5 {[%emt 0:00:09]} 46. Ne3 {
[%emt 0:00:01]} Nf6 {[%emt 0:00:26]} 47. f5+ {[%emt 0:00:13]} Kd6 {[%emt 0:00:
05]} 48. Be1 {[%emt 0:00:24]} Nd5 {[%emt 0:00:41]} 49. Bg3+ {[%emt 0:00:06]}
Kc6 {[%emt 0:00:02]} 50. Ng4 {[%emt 0:00:01]} Bd6 {[%emt 0:00:15]} 51. Bh4 {
[%emt 0:00:21]} h5 {[%emt 0:00:40]} 52. Nf2 {[%emt 0:00:09]} Be5 {[%emt 0:00:
13]} 53. Ne4 {[%emt 0:00:24]} Nb6 {[%emt 0:01:05]} 54. f6 {[%emt 0:01:07]} Nd7
{[%emt 0:00:04]} 55. f7 {[%emt 0:00:13]} Kd5 {[%emt 0:00:09]} 56. Bg3 {[%emt 0:
01:26]} Bg7 {[%emt 0:01:13]} 57. Nd6 {[%emt 0:00:04]} Kc6 {[%emt 0:01:30]} 58.
Ke4 {[%emt 0:00:14]} h4 {[%emt 0:00:03]} 59. Bh2 {[%emt 0:00:04]} Bf8 {[%emt 0:
00:30]} 60. Nf5 {[%emt 0:00:03]} h3 {[%emt 0:00:04]} 61. Bg3 {[%emt 0:00:30]}
b4 {[%emt 0:01:16]} 62. Kf3 {[%emt 0:00:34]} Kd5 {[%emt 0:00:05]} 63. Kg4 {
[%emt 0:00:01]} Ne5+ {[%emt 0:00:25]} 64. Kxh3 {[%emt 0:00:14]} Nxf7 {[%emt 0:
00:02]} 65. Ne3+ {[%emt 0:00:14]} Kd4 {[%emt 0:00:06]} 66. Nc4 {[%emt 0:00:02]}
Kc3 {[%emt 0:00:06]} 67. Na5 {[%emt 0:00:00]} Bd6 {[%emt 0:00:25]} 68. Bf2 {
[%emt 0:00:11]} Ne5 {[%emt 0:00:33]} 69. Be1+ {[%emt 0:00:29]} Kc2 {[%emt 0:00:
10]} 70. Bg3 {[%emt 0:00:05]} Bc7 {[%emt 0:00:15]} 71. Nb7 {[%emt 0:00:20]} c4
{[%emt 0:00:01]} 0-1

[Event "Opera Euro Rapid Prelims 2021"]
[Site "Online"]
[Date "2021.02.03"]
[Round "9.2"]
[White "Dominguez Perez, Leinier"]
[Black "Bluebaum, Matthias"]
[Result "1/2-1/2"]
[WhiteElo "2758"]
[BlackElo "2670"]
[Annotator "TA"]
[PlyCount "82"]
[EventDate "2021.02.02"]
[EventType "tourn"]
[EventCountry "NET"]
[Tiebreak "Koya+Number of black wins+Number of wins"]
[SourceTitle "playchess.com"]
[Source "ChessBase"]
[SourceQuality "1"]

{[%evp 20,82,4,-16,-10,-12,0,0,0,0,0,0,0,-19,0,1,13,0,4,-23,-10,-10,-10,-11,
-11,-11,-19,-24,-31,-26,0,0,7,4,4,5,11,0,0,0,0,0,0,0,0,0,0,0,0,0,0,0,0,0,0,0,8,
0,0,0,0,0,0,0,0]} 1. e4 e6 2. d4 d5 3. Nc3 Nf6 4. e5 Nfd7 5. f4 c5 6. Nf3 Nc6
7. Be3 a6 8. a3 cxd4 9. Nxd4 Bc5 10. Qd2 O-O 11. O-O-O Rb8 {C11: French:
Classical System: 4 e5 and 4 Bg5 dxe4.} 12. h4 Bxd4 13. Bxd4 b5 14. Rh3 Nxd4
15. Qxd4 Qe7 {[#]} 16. h5 $146 ({Predecessor:} 16. b4 Nb6 17. h5 Bd7 18. Qc5
Qd8 19. Bd3 Re8 20. g4 a5 21. g5 axb4 22. axb4 {1-0 (55) Trent,B (2380)-Haugen,
A (2391) ICCF email 2018}) 16... h6 17. b4 f6 18. exf6 Qxf6 19. Rf3 Qxd4 20.
Rxd4 Nf6 21. a4 {[%cal Ra4b5]} Bd7 22. axb5 axb5 23. Be2 Nxh5 24. f5 {[#]
Hoping for fxe6.} exf5 (24... e5 $5 {[%cal Re5d4]} 25. Rxd5 Bc6 26. Rxe5 Bxf3
27. Bxf3 Ng3 $15) 25. Nxd5 {aiming for Ne7+.The position is equal.} Rfe8 26.
Bd3 {And now Rh3 would win.} Re5 27. Rh3 Bc6 28. Rxh5 Rxd5 29. Rxd5 Bxd5 30.
Rxf5 Bxg2 31. Rxb5 Rxb5 32. Bxb5 $11 {[%mdl 4096] Endgame KB-KB} h5 {[#]
Strongly threatening ...h4.} 33. Kd2 h4 {...h3 is the strong threat.} 34. Ke3
g5 35. Be2 Kf8 36. c4 Ke7 37. c5 Bd5 38. Bg4 Bc6 39. Kf2 $1 Bb5 40. Be2 Bxe2
41. Kxe2 g4 {Not much happened in this game.  Weighted Error Value: White=0.03/
Black=0.03} 1/2-1/2

[Event "Opera Euro Rapid Prelims 2021"]
[Site "Online"]
[Date "2021.02.03"]
[Round "9.3"]
[White "Duda, Jan-Krzysztof"]
[Black "Aronian, Levon"]
[Result "1/2-1/2"]
[WhiteElo "2743"]
[BlackElo "2781"]
[Annotator "TA"]
[PlyCount "71"]
[EventDate "2021.02.02"]
[EventType "tourn"]
[EventCountry "NET"]
[Tiebreak "Koya+Number of black wins+Number of wins"]
[SourceTitle "playchess.com"]
[Source "ChessBase"]
[SourceQuality "1"]

{[%evp 17,71,0,0,0,0,0,5,0,0,0,0,0,0,0,0,0,0,0,0,0,0,0,0,0,0,0,0,0,0,0,0,0,0,0,
0,0,0,0,0,0,148,148,148,0,0,0,0,0,10,10,10,0,10,0,10,0]} 1. e4 e5 2. Nf3 Nc6 3.
Bb5 a6 4. Ba4 Nf6 5. O-O Bc5 6. c3 b5 7. Bb3 d6 8. d4 Bb6 9. dxe5 Nxe5 10. Nxe5
{C78: Ruy Lopez: Archangelsk and Möller Defences.} dxe5 11. Qxd8+ Kxd8 12. Bxf7
Rf8 13. Bd5 Nxd5 14. exd5 Bb7 15. Be3 Bxe3 16. fxe3 Rxf1+ 17. Kxf1 Bxd5 $11 {
[%mdl 4096] Endgame KRB-KRN} 18. Nd2 Ke7 19. e4 {[#]} Bc4+ $146 ({Predecessor:
} 19... Bc6 20. Ke2 Rf8 21. Ke3 a5 22. g3 h6 23. Rf1 Rxf1 24. Nxf1 Bd7 25. b4
axb4 26. cxb4 Kd6 27. a3 c5 28. Nd2 cxb4 29. axb4 Be6 30. Nb1 {1/2-1/2 (30)
Solak,D (2601)-Nasuta,G (2517) Skopje 2019}) 20. Nxc4 bxc4 {KR-KR} 21. Rd1 Rd8
22. Rxd8 Kxd8 {KP-KP} 23. Kf2 Ke7 24. Kg3 Kf6 25. Kh4 g6 26. g4 a5 27. g5+ Ke6
28. a4 c5 (28... Ke7 $11 {keeps the balance.}) 29. Kg4 $16 Kd6 30. h4 (30. Kf3
$16) 30... Ke6 {The position is equal.} 31. h5 (31. Kg3 {seems wilder.} Kd7 32.
Kh3 Kd6 33. Kg2 Ke7 34. Kf2) 31... Kd6 32. h6 Ke6 33. Kh4 Kd6 34. Kg4 Ke6 35.
Kh4 Kd6 36. Kg4 {Weighted Error Value: White=0.07/Black=0.14} 1/2-1/2

[Event "Opera Euro Rapid Prelims 2021"]
[Site "Online"]
[Date "2021.02.03"]
[Round "9.4"]
[White "Grischuk, Alexander"]
[Black "So, Wesley"]
[Result "1/2-1/2"]
[WhiteElo "2777"]
[BlackElo "2770"]
[Annotator "TA"]
[PlyCount "74"]
[EventDate "2021.02.02"]
[EventType "tourn"]
[EventCountry "NET"]
[Tiebreak "Koya+Number of black wins+Number of wins"]
[SourceTitle "playchess.com"]
[Source "ChessBase"]
[SourceQuality "1"]

{[%evp 16,74,27,0,-7,-9,0,0,0,0,0,-3,0,0,8,0,0,0,0,0,0,0,0,-19,0,0,0,0,0,0,0,0,
0,0,0,0,0,0,0,0,0,0,0,0,0,0,0,0,0,0,0,0,0,0,0,0,0,0,0,0,0]} 1. e4 e5 2. Nf3 Nc6
3. Bb5 Nf6 4. O-O Nxe4 5. d4 Nd6 6. Bxc6 dxc6 7. dxe5 Nf5 8. Qxd8+ Kxd8 9. h3
Bd7 {The position is equal. C67: Ruy Lopez: Berlin Defence: 4 0-0 Nxe4.} 10.
Rd1 Be7 {10...Kc8 injects fresh life into this line.} 11. g4 Nh4 12. Nxh4 Bxh4
13. Nd2 Kc8 14. Nf3 Be7 15. Bg5 Bc5 16. Rd3 {[#] Black must now prevent Rad1.}
Be6 17. Be3 Bxe3 18. Rxe3 Kd7 19. Ng5 (19. Rd1+ {is interesting.} Ke7 20. Nd4
h5 21. Nf5+ Kf8 22. Ra3) 19... Ke7 20. Nxe6 Kxe6 $11 {[%mdl 4096] Endgame
KRR-KRR} 21. f4 g6 22. Rd1 Rad8 23. Red3 Rxd3 24. Rxd3 {KR-KR} h5 {[#]} 25. g5
$146 ({Predecessor:} 25. Kg2 hxg4 26. hxg4 a5 27. Kg3 Rh1 28. Rd8 g5 29. fxg5
Rg1+ 30. Kf3 Rf1+ 31. Kg3 Rg1+ 32. Kf3 Rf1+ 33. Kg3 Rg1+ {1/2-1/2 (33) Leko,P 
(2737)-Adams,M (2743) Dortmund 2014}) 25... a5 26. Kf2 a4 27. Ke3 Ra8 28. Ke4
Ra5 29. c4 Ra8 30. Rf3 Rd8 31. Rd3 Ra8 32. Rd2 c5 33. Rd5 b6 34. Rd3 Rb8 35.
Rd5 Ra8 36. Ke3 Rb8 37. Ke4 Ra8 {Not much happened in this game.  Weighted
Error Value: White=0.02/Black=0.01} 1/2-1/2

[Event "Opera Euro Rapid Prelims 2021"]
[Site "Online"]
[Date "2021.02.03"]
[Round "9.5"]
[White "Giri, Anish"]
[Black "Vachier-Lagrave, Maxime"]
[Result "1-0"]
[WhiteElo "2764"]
[BlackElo "2784"]
[Annotator "TA"]
[PlyCount "95"]
[EventDate "2021.02.02"]
[EventType "tourn"]
[EventCountry "NET"]
[Tiebreak "Koya+Number of black wins+Number of wins"]
[SourceTitle "playchess.com"]
[Source "ChessBase"]
[SourceQuality "1"]

{[%evp 21,95,23,24,20,31,15,16,22,55,62,58,66,54,62,64,50,60,37,97,85,194,109,
105,104,107,103,177,184,183,174,172,181,177,177,170,182,172,32,172,148,493,471,
629,322,353,350,361,345,330,0,375,364,552,541,443,562,531,501,488,158,257,130,
150,149,142,135,495,589,578,513,654,231,1983,1822,29989,29990]} 1. e4 c5 2. Nf3
d6 3. d4 cxd4 4. Nxd4 Nf6 5. Nc3 Nc6 6. Bg5 e6 7. Qd2 a6 8. O-O-O Bd7 9. Kb1
Be7 10. Nxc6 $5 {[%mdl 4] An interesting side line.} Bxc6 11. f3 b5 12. h4 {
B67: Sicilian: Richter-Rauzer: 7...a6 8 0-0-0 Bd7, lines without 9 f4 Be7.} Qc7
13. Ne2 h6 14. Be3 {The position is equal.} d5 15. e5 {[%cal Re5f6]} Nd7 {
[%cal Rd7e5]} ({Don't go for} 15... Qxe5 $2 16. Bf4 $18) 16. f4 Nc5 17. Nd4 Ne4
18. Qe1 Bd7 {[#]} 19. g4 $146 ({Predecessor:} 19. Bd3 b4 20. Bxe4 dxe4 21. Qg3
Rg8 22. Rd2 h5 23. Rhd1 Rd8 24. Qf2 Bc8 25. f5 exf5 26. Nxf5 Rxd2 27. Rxd2 Qxe5
28. Nxe7 Qxe7 {1-0 (32) Mutschnik,I (2414)-Martin,S (2273) Germany 2006}) 19...
O-O-O (19... b4 $14) 20. Bd3 g5 (20... Kb8 $16) 21. f5 (21. fxg5 $18 hxg5 22.
Rf1) 21... gxh4 $16 22. f6 Bc5 23. Rxh4 Qxe5 (23... Bb6 $16 {might work better.
}) 24. Bxe4 $18 Qxe4 25. Qc3 Kb7 {[#]} 26. Nxe6 $1 {[%mdl 512]} Bxe6 27. Qxc5
d4 28. Bxd4 Qc6 29. Qa7+ Kc8 {aiming for ...Rd7.} 30. Rh5 $1 {[%cal Rh5c5]
White wants to mate with Rc5!} Rd5 {[%mdl 8192]} (30... Rd7 $16 31. Rc5 Rxa7
32. Rxc6+ {[%mdl 64] Discovered Attack} Rc7 33. Rxa6 Bd5) 31. Rxd5 Bxd5 32. Bb6
{Threatens to win with Rxd5!} Re8 {intending ...Qb7.} 33. Qxa6+ Kd7 34. Qa7+
Kc8 35. Qa6+ $2 ({Better is} 35. b3 $18 {And now Rxd5! would win.} Re2 36. c4
Be4+ 37. Ka1 Qxf6+ 38. Bd4) 35... Kb8 $2 {[%mdl 8192]} (35... Kd7 $11 {and
Black stays safe.} 36. Qa7+ Kc8) 36. a4 bxa4 (36... Bf3 $142 37. axb5 Qb7) 37.
Ba7+ Ka8 {[#]} 38. Qa5 Bc4 {Black hopes to continue with ...Qa6.} 39. Bb6+ Kb7
40. Qa7+ (40. Bf2 $142 {Qa7+ is the strong threat.} Ba6 41. Rd5) 40... Kc8 {[#]
} 41. Bc7 Qb7 $16 42. Qxa4 $40 {[%csl Gd1][%cal Ra4d7][%mdl 192] Double Attack.
White wants a kill.} Bb5 43. Qa5 Be2 $2 {[%mdl 8192]} (43... Qa6 $16 44. Rh1
Qxa5 45. Bxa5 Re4 46. Rxh6 Rxg4) 44. Rd4 $18 {Black must now prevent Bg3.} ({
Stronger than} 44. Qf5+ Re6 $11) 44... Qh1+ 45. Ka2 {White threatens Qc5 and
mate.} Qc6 46. Bg3 $2 (46. Bb6) 46... Bc4+ $2 (46... Qa6 47. Qxa6+ Bxa6) 47. b3
Ba6 48. Kb2 {Weighted Error Value: White=0.42/Black=0.79} 1-0

[Event "Opera Euro Rapid Prelims 2021"]
[Site "Online"]
[Date "2021.02.03"]
[Round "9.6"]
[White "Nepomniachtchi, Ian"]
[Black "Carlsen, Magnus"]
[Result "1/2-1/2"]
[WhiteElo "2789"]
[BlackElo "2862"]
[Annotator "TA"]
[PlyCount "69"]
[EventDate "2021.02.02"]
[EventType "tourn"]
[EventCountry "NET"]
[Tiebreak "Koya+Number of black wins+Number of wins"]
[SourceTitle "playchess.com"]
[Source "ChessBase"]
[SourceQuality "1"]

{[%evp 15,69,24,18,18,20,10,5,7,8,3,23,-1,15,15,18,25,22,10,55,33,104,37,57,56,
94,64,75,77,73,52,117,69,66,33,138,0,0,0,0,0,0,0,0,0,0,0,0,0,0,0,0,0,0,0,0,0]} 
1. e4 e5 2. Nf3 Nc6 3. Bb5 a6 4. Ba4 Nf6 5. O-O b5 6. Bb3 Bb7 7. d3 Be7 8. Nc3
{[%cal Bb1c3,Bc3e2,Be2g3][%mdl 32]} O-O 9. a3 {C84: Closed Ruy Lopez: Unusual
White 6th moves.} d6 10. Ne2 d5 11. exd5 Nxd5 12. Re1 Kh8 13. Ng3 f6 14. c3 Qd7
15. d4 {[#]} exd4 $146 ({Predecessor:} 15... Rad8 16. dxe5 fxe5 17. Nxe5 Nxe5
18. Rxe5 Bc5 19. Ne4 Bb6 20. Bg5 Nf6 21. Nxf6 Qxd1+ 22. Rxd1 Rxd1+ 23. Bxd1
gxf6 {0-1 (40) Jens,J (2386)-Van de Oudeweetering,A (2324) Netherlands 2011})
16. cxd4 Rad8 17. Qd3 f5 (17... Na5 $14) 18. Bc2 (18. Bd2 $16) 18... g6 19. Bh6
Rfe8 20. Bb3 Bf6 21. Qd2 Nb6 {[%cal Rc6d4]} 22. Bg5 Qg7 ({Better is} 22... Bxg5
$14 23. Qxg5 Qg7) 23. Rxe8+ Rxe8 24. Re1 Re7 (24... Rxe1+ $14 25. Qxe1 Ne7) 25.
d5 ({White should play} 25. Ne2 $1 $16 {Threatens to win with Bh6.} Nc4 26.
Bxf6 Qxf6 27. Bxc4 bxc4 28. h3) 25... Nd4 {The position is equal.} 26. Bxf6
Nxf3+ 27. gxf3 Rxe1+ $1 28. Qxe1 {[%cal Re1e8]} Qxf6 29. Qe8+ Kg7 30. Qb8 $1 {
[%cal Rb8c7][%mdl 64] Double Attack} Bxd5 31. Qxc7+ Kh6 32. Qf4+ Kg7 (32... Qg5
$2 33. Qd6 $1 $18 {[%mdl 512]}) 33. Qc7+ Kh6 34. Qf4+ Kg7 ({Avoid the trap} 
34... Qg5 $2 {[#]} 35. Qd6 $1 $18 {[%mdl 512]}) 35. Qc7+ {Accuracy: White =
76%, Black = 77%.} 1/2-1/2

[Event "Opera Euro Rapid Prelims 2021"]
[Site "Online"]
[Date "2021.02.03"]
[Round "9.7"]
[White "Nakamura, Hikaru"]
[Black "Ding, Liren"]
[Result "1-0"]
[WhiteElo "2736"]
[BlackElo "2791"]
[Annotator "TA"]
[PlyCount "103"]
[EventDate "2021.02.02"]
[EventType "tourn"]
[EventCountry "NET"]
[Tiebreak "Koya+Number of black wins+Number of wins"]
[SourceTitle "playchess.com"]
[Source "ChessBase"]
[SourceQuality "1"]

{[%evp 9,103,0,6,-4,9,-15,-14,-22,12,17,36,33,58,60,70,88,93,58,79,27,67,63,85,
72,83,82,89,84,83,73,100,92,121,124,127,104,120,77,106,63,70,68,59,35,33,36,17,
25,40,27,33,33,33,33,33,29,55,0,39,0,0,0,0,-38,-28,-41,-15,-9,0,0,0,-14,-14,
-14,-14,-96,-43,-45,-47,-58,-14,-14,-14,-14,-5,-14,0,0,113,120,175,154,526,558,
578,575]} 1. b3 e5 2. Bb2 Nc6 3. e3 Nf6 4. Bb5 e4 5. Ne2 a6 6. Bxc6 {A01:
Nimzowitsch-Larsen Opening.} dxc6 7. Ng3 h5 8. Nc3 {The position is equal.} Qe7
{White should prevent ...h4.} 9. h4 {[#]} Rh6 $146 ({Predecessor:} 9... Bg4 10.
f3 Qe5 11. Ngxe4 Nxe4 12. Nxe4 Qxb2 13. fxg4 Qe5 14. Nf2 hxg4 15. Nxg4 Qg3+ 16.
Nf2 Qxg2 17. Qg4 Qxg4 18. Nxg4 g6 {0-1 (18) Rachow,T (1802)-Wolter,U DESC
email 2006}) 10. Qe2 Bg4 11. f3 exf3 12. gxf3 Bd7 13. O-O-O O-O-O 14. Qf2 ({
White should play} 14. e4 $16) 14... Kb8 15. e4 Bc8 16. Kb1 c5 17. d3 Qe8 18.
Rhe1 Nd7 19. Nf5 Rc6 20. Nd5 Ne5 21. Qg3 f6 22. Nfe3 b5 23. Rg1 Kb7 24. Qf2 a5
25. Qe2 Ra6 26. Rg2 a4 27. Rdg1 axb3 28. axb3 Be6 29. Rxg7 Bxg7 30. Rxg7 Bxd5
31. Nxd5 Rd7 32. Rg3 Rf7 33. Qg2 (33. f4 $14 Ng4 34. f5) 33... Ra8 (33... c6 $5
{[%cal Rc6d5]} 34. Ne3 Qd7 $11) 34. Rg7 (34. f4 $5 {[%cal Rf4e5]} Ng4 35. f5
$14) 34... Qf8 35. Rxf7 Qxf7 36. Qf2 Nd7 37. Qg3 Rc8 38. Qf4 {[%cal Rd5f6]} Qg6
39. Bc1 {[#] Ne7 is the strong threat.} Qf7 40. Qf5 c6 41. Ne3 Rg8 42. f4 (42.
Qf4 $11) 42... Kc7 ({Black should try} 42... Rg1 $17) 43. Bd2 $15 Ra8 44. Qh3
Kb6 45. Bc1 Nf8 46. Nf5 (46. Qg3 {looks sharper.} Qg6 47. Qh2 Qe8 48. Nf5 Nd7
49. Qf2) 46... Ne6 {Strongly threatening ...Qa7.} 47. Qe3 Qa7 {[%csl Ga8][%cal
Ra7a2]} 48. Bb2 Rf8 {[#]} (48... Qa2+ $11 {keeps the balance.} 49. Kc1 Rg8) 49.
Ng3 $1 $16 {[%mdl 1024] White has strong compensation.} Qh7 (49... Nd4 $16) 50.
f5 Nd4 (50... Nc7 $16 {is more resistant.}) 51. b4 $18 {[%cal Bb3b4,Bb4c5]
[%mdl 32]} Kb7 52. bxc5 {Weighted Error Value: White=0.12/Black=0.32} 1-0

[Event "Opera Euro Rapid Prelims 2021"]
[Site "Online"]
[Date "2021.02.03"]
[Round "9.8"]
[White "Vidit, Santosh Gujrathi"]
[Black "Radjabov, Teimour"]
[Result "1/2-1/2"]
[WhiteElo "2726"]
[BlackElo "2765"]
[Annotator "TA"]
[PlyCount "78"]
[EventDate "2021.02.02"]
[EventType "tourn"]
[EventCountry "NET"]
[Tiebreak "Koya+Number of black wins+Number of wins"]
[SourceTitle "playchess.com"]
[Source "ChessBase"]
[SourceQuality "1"]

{[%evp 9,78,0,11,11,10,0,10,0,6,2,13,0,0,13,25,33,46,41,34,31,33,20,17,9,0,8,
16,16,8,0,34,22,50,0,18,17,11,0,0,0,18,0,0,-13,0,0,0,-18,0,0,0,0,16,23,29,0,23,
0,0,0,0,0,0,0,0,0,0,0,0,0,0]} 1. Nf3 Nf6 2. c4 g6 3. Nc3 Bg7 4. g3 c6 5. e4 d5
6. e5 {A16: English Opening: 1...Nf6 with ...d5.} Ne4 7. d4 O-O 8. cxd5 cxd5 9.
Bg2 Nc6 10. O-O Nxc3 11. bxc3 {[#]} Qa5 $146 ({Predecessor:} 11... Bf5 12. Nh4
Bc8 13. f4 e6 14. Nf3 b6 15. Ba3 Re8 16. h4 Na5 17. h5 Nc4 {1-0 (35) Grischuk,
A (2777)-Mamedov,R (2654) chess24.com INT 2020}) 12. Bd2 Qa6 13. Ng5 h6 14. Nh3
Na5 15. Nf4 e6 16. h4 Bd7 17. a4 Rac8 18. Re1 Qb6 19. Qg4 {With the idea Nxd5!}
Nc4 {[#]} 20. Reb1 $1 Qc7 (20... Qa5 21. Be1) 21. Be1 a6 22. Bf1 b5 23. axb5
Bxb5 24. Bd3 Rfe8 25. Bc2 Qe7 26. Rd1 Nb2 27. Rdb1 Nc4 28. Rd1 Nb2 29. Rdc1 Nc4
30. Ra2 a5 31. Rca1 Ra8 32. Nd3 Rec8 33. Qd1 h5 {The position is equal.} 34.
Nb2 Qc7 35. Nxc4 Bxc4 36. Ra4 Bb5 37. R4a2 Bc4 38. Ra4 Bb5 39. R4a2 Bc4 {
Weighted Error Value: White=0.06/Black=0.06} 1/2-1/2

[Event "Opera Euro Rapid Prelims 2021"]
[Site "Online"]
[Date "2021.02.03"]
[Round "10.1"]
[White "Dubov, Daniil"]
[Black "Radjabov, Teimour"]
[Result "1/2-1/2"]
[WhiteElo "2710"]
[BlackElo "2765"]
[Annotator "TA"]
[PlyCount "79"]
[EventDate "2021.02.02"]
[EventType "tourn"]
[EventCountry "NET"]
[Tiebreak "Koya+Number of black wins+Number of wins"]
[SourceTitle "playchess.com"]
[Source "ChessBase"]
[SourceQuality "1"]

{[%evp 9,79,20,31,-6,9,8,8,14,1,25,33,31,41,45,62,36,39,31,25,9,4,4,5,0,7,0,10,
4,8,0,0,0,0,0,0,0,0,0,0,0,0,0,0,0,0,0,0,0,0,0,0,0,0,0,0,0,0,0,0,0,0,0,0,0,0,0,
0,0,0,0,0,0]} 1. d4 Nf6 2. Nf3 d5 3. c4 e6 4. Nc3 c5 (4... Be7 5. g4 O-O 6. g5
Ne4 7. Bg2 c5 8. dxc5 Nxc3 9. bxc3 Bxc5 10. h4 Nc6 11. h5 dxc4 12. Qc2 e5 13.
Rb1 Bb6 14. Nh4 f5 15. gxf6 Qxf6 16. e3 {0-1 (63) Dubov,D (2702)-Radjabov,T 
(2765) chess24.com INT 2021}) 5. Bg5 dxc4 6. e4 {D24: Queen's Gambit Accepted:
3 Nf3 Nf6 4 Nc3.} cxd4 7. Qxd4 Qxd4 8. Nxd4 a6 9. Bxc4 Nbd7 {[#]} 10. f3 $146 (
{Predecessor:} 10. O-O b5 11. Bd3 Bb7 12. Rfe1 Bb4 13. a3 Bxc3 14. bxc3 Nc5 15.
Bxf6 Nxd3 16. Re3 gxf6 17. Rxd3 Bxe4 {0-1 (41) Trevis,R (1470)-Xyko,K (1399)
Chessfriend.com 2003}) 10... Bc5 11. Nb3 Ba7 12. Be2 Ne5 13. Bh4 Nh5 14. Bf2 (
14. g3 {seems wilder.} Ng6 15. Bg5 Bd7 16. O-O-O h6 17. Bd2) 14... Nf4 {
The position is equal.} 15. Bxa7 Rxa7 16. Kf2 Bd7 17. Rhd1 Nxe2 18. Kxe2 Ke7
19. Nc5 Rc8 20. Nxd7 Nxd7 21. Rac1 Raa8 22. Na4 Rxc1 23. Rxc1 $11 {[%mdl 4096]
Endgame KRN-KRN} b5 24. Nc5 Rc8 25. Nd3 Rxc1 26. Nxc1 {KN-KN} Kd6 27. Nd3 Nc5
28. Ke3 Nxd3 29. Kxd3 {KP-KP} e5 30. b4 g5 31. Ke3 Ke6 32. g3 f6 33. g4 h6 34.
h3 Ke7 35. Kd3 Kd7 36. a3 Kc7 37. Kc3 Kd7 38. Kd3 Kc7 39. Kc3 Kd7 40. Kd3 {
Weighted Error Value: White=0.04/Black=0.02} 1/2-1/2